00506nam a2200193 a 4500001001300000003000900013005001700022008004100039020001000080082001700090100001600107245005000123260004800173300000900221500003500230505001000265650002100275700001600296nice12345678IN_TiNIC20260116013921.0050524s1996 dela grp 000 0 eng  ac18500a297.175bHUS aHusain, M G aPsychology and Society in Islamic Perspective aDelhibInstitute of Objective Studiesc1996 a171p aincludes index and biblioraphy2 aIndex aIslam-Psychology1 aHusain, M G